Giáo trình pháp luật trong hoạt động kinh tế đối ngoại

Salvato in:
Dettagli Bibliografici
Autore principale: Nguyễn Thị Mơ
Natura: Libro
Lingua:Undetermined
Pubblicazione: Hà Nội Giáo dục 1997
Soggetti:
Tags: Aggiungi Tag
Nessun Tag, puoi essere il primo ad aggiungerne! !
Thư viện lưu trữ: Trung tâm Học liệu Trường Đại học Cần Thơ
LEADER 00589nam a2200169Ia 4500
001 CTU_19552
008 210402s9999 xx 000 0 und d
082 |a 341.75 
082 |b M460 
100 |a Nguyễn Thị Mơ 
245 0 |a Giáo trình pháp luật trong hoạt động kinh tế đối ngoại 
245 0 |c Nguyễn Thị Mơ, Hoàng Ngọc Thiết 
260 |a Hà Nội 
260 |b Giáo dục 
260 |c 1997 
650 |a economics - law and legislation,international economic relations 
980 |a Trung tâm Học liệu Trường Đại học Cần Thơ